[Event "Dutch Open 2009"]
[Site "Dieren NED"]
[Date "2009.07.27"]
[Round "6.4"]
[White "Vovk, Yuri"]
[Black "Miedema, Roi"]
[Result "1/2-1/2"]
[WhiteElo "2567"]
[BlackElo "2432"]
[PlyCount "78"]
[EventDate "2009.07.21"]
[EventType "swiss"]
[EventRounds "9"]
[EventCountry "NED"]
[Source "lmi"]
[SourceDate "2009.07.21"]

1. d4 e6 2. c4 Nf6 3. Nf3 d5 4. g3 dxc4 5. Bg2 Nc6 6. Qa4 Bb4+ 7. Bd2 Nd5 8.
Bxb4 Ndxb4 9. O-O Rb8 10. Nc3 a6 11. Ne5 O-O 12. Bxc6 Nxc6 13. Nxc6 bxc6 14.
Qxc4 Qd6 15. Rfd1 Rb4 16. Qd3 Rxb2 17. Qe3 a5 18. Rab1 Rxb1 19. Rxb1 Ba6 20.
Qe5 Qxe5 21. dxe5 Rd8 22. Kf1 Kf8 23. Ke1 Ke7 24. Rb3 Ra8 25. Ra3 Bb5 26. Rb3
Bc4 27. Rb7 Kd7 28. Na4 Kc8 29. Rb2 Rb8 30. Rc2 Rb1+ 31. Kd2 Bb5 32. Nc5 a4 33.
Rc3 Rb2+ 34. Rc2 Rb1 35. Rc3 Kb8 36. Rf3 Rb2+ 37. Kc3 Rxa2 38. Rxf7 Rxe2 39.
Kb4 g5 1/2-1/2

[Event "Dutch Open 2009"]
[Site "Dieren NED"]
[Date "2009.07.27"]
[Round "6.5"]
[White "Reinderman, Dimitri"]
[Black "Burg, Twan"]
[Result "1-0"]
[WhiteElo "2565"]
[BlackElo "2422"]
[PlyCount "43"]
[EventDate "2009.07.21"]
[EventType "swiss"]
[EventRounds "9"]
[EventCountry "NED"]
[Source "lmi"]
[SourceDate "2009.07.21"]

1. c4 Nf6 2. Nc3 e5 3. g3 Nc6 4. Bg2 Bc5 5. a3 O-O 6. b4 Bd4 7. Bb2 Bxc3 8.
Bxc3 d5 9. cxd5 Nxd5 10. Bb2 Re8 11. Rc1 a5 12. b5 Nd4 13. e3 Ne6 14. Bxe5 Nb6
15. Ne2 Qd3 16. a4 Ng5 17. Nf4 Qa3 18. Bxc7 Nxa4 19. O-O Bf5 20. Bxb7 Ra7 21.
Bg2 Nb2 22. Qh5 1-0

[Event "Dutch Open 2009"]
[Site "Dieren NED"]
[Date "2009.07.27"]
[Round "6.6"]
[White "Wohl, Aleksandar H"]
[Black "Nijboer, Friso"]
[Result "0-1"]
[WhiteElo "2387"]
[BlackElo "2552"]
[PlyCount "75"]
[EventDate "2009.07.21"]
[EventType "swiss"]
[EventRounds "9"]
[EventCountry "NED"]
[Source "lmi"]
[SourceDate "2009.07.21"]

1. b3 Nf6 2. Bb2 d5 3. g3 c5 4. Bg2 Nc6 5. Nf3 g6 6. O-O Bg7 7. d3 O-O 8. Nbd2
Qc7 9. c4 d4 10. a3 a5 11. Qc2 Bd7 12. e3 dxe3 13. fxe3 Rad8 14. Rfd1 Bg4 15.
Nf1 Nh5 16. Bxg7 Nxg7 17. Rd2 Rd7 18. Qc3 Rfd8 19. Ng5 Qe5 20. Qxe5 Nxe5 21. d4
b6 22. h3 h6 23. hxg4 hxg5 24. Rad1 cxd4 25. exd4 Nxg4 26. Bh3 f5 27. Bxg4 fxg4
28. Ne3 Nf5 29. Nd5 Rd6 30. Re1 e6 31. Nf6+ Kg7 32. Nxg4 Nxg3 33. Rg2 Nh5 34.
Nf2 Rxd4 35. Rxg5 Nf4 36. Kf1 a4 37. bxa4 Rxc4 38. Rb5 0-1

[Event "Dutch Open 2009"]
[Site "Dieren NED"]
[Date "2009.07.27"]
[Round "6.7"]
[White "Swinkels, Robin"]
[Black "Hoeksema, Hendrik Pieter"]
[Result "1/2-1/2"]
[WhiteElo "2516"]
[BlackElo "2309"]
[PlyCount "57"]
[EventDate "2009.07.21"]
[EventType "swiss"]
[EventRounds "9"]
[EventCountry "NED"]
[Source "lmi"]
[SourceDate "2009.07.21"]

1. e4 c5 2. Nf3 d6 3. d4 cxd4 4. Nxd4 Nf6 5. Nc3 Nc6 6. Bg5 Qb6 7. Nb3 e6 8.
Qd2 Be7 9. O-O-O O-O 10. f3 a6 11. h4 Rd8 12. Be3 Qc7 13. Qf2 Nd7 14. Kb1 b5
15. g4 Nce5 16. g5 b4 17. Ne2 a5 18. Nf4 a4 19. Nd4 Nc5 20. Qg2 b3 21. cxb3
axb3 22. a3 Bb7 23. Be2 Ra4 24. Nb5 Qa5 25. Bd2 Qb6 26. Nc3 Ra5 27. Bc1 Na4 28.
Nxa4 Rxa4 29. Bd2 1/2-1/2

[Event "Dutch Open 2009"]
[Site "Dieren NED"]
[Date "2009.07.27"]
[Round "6.8"]
[White "Ootes, Lars"]
[Black "Vovk, Andrey"]
[Result "1-0"]
[WhiteElo "2261"]
[BlackElo "2506"]
[PlyCount "47"]
[EventDate "2009.07.21"]
[EventType "swiss"]
[EventRounds "9"]
[EventCountry "NED"]
[Source "lmi"]
[SourceDate "2009.07.21"]

1. e4 c5 2. Nf3 d6 3. d4 cxd4 4. Nxd4 Nf6 5. Nc3 a6 6. Bg5 e6 7. f4 Qc7 8. Bxf6
gxf6 9. Qd2 b5 10. Bd3 h5 11. O-O-O b4 12. Nd5 exd5 13. exd5 f5 14. Bxf5 Bg7
15. Rhe1+ Kd8 16. Bxc8 Kxc8 17. Nf5 Bf6 18. Qxb4 Kd7 19. Re4 a5 20. Qb5+ Kd8
21. Rc4 Qd7 22. Qb6+ Ke8 23. Rc8+ Bd8 24. Re1+ 1-0

[Event "Dutch Open 2009"]
[Site "Dieren NED"]
[Date "2009.07.27"]
[Round "6.9"]
[White "Tondivar, Babak"]
[Black "Visser, Yge"]
[Result "0-1"]
[WhiteElo "2372"]
[BlackElo "2464"]
[PlyCount "56"]
[EventDate "2009.07.21"]
[EventType "swiss"]
[EventRounds "9"]
[EventCountry "NED"]
[Source "lmi"]
[SourceDate "2009.07.21"]

1. d4 Nf6 2. c4 g6 3. g3 Bg7 4. Bg2 O-O 5. Nf3 d6 6. O-O Nbd7 7. Qc2 a6 8. Rd1
c5 9. Nc3 Rb8 10. dxc5 Nxc5 11. Nd4 Bd7 12. e4 Rc8 13. Qe2 Rc7 14. f3 Qb8 15.
Be3 Rfc8 16. Bf1 h5 17. Qf2 Kh7 18. Rd2 Be8 19. Rc1 Ncd7 20. Rdc2 Ne5 21. Nd5
Nxd5 22. cxd5 Rxc2 23. Rxc2 Rxc2 24. Qxc2 Qd8 25. Qd2 Bd7 26. Kf2 h4 27. a3 Qh8
28. g4 Bxg4 0-1

[Event "Dutch Open 2009"]
[Site "Dieren NED"]
[Date "2009.07.27"]
[Round "6.10"]
[White "Brandenburg, Daan"]
[Black "Kodentsov, Grigori"]
[Result "1-0"]
[WhiteElo "2463"]
[BlackElo "2279"]
[PlyCount "99"]
[EventDate "2009.07.21"]
[EventType "swiss"]
[EventRounds "9"]
[EventCountry "NED"]
[Source "lmi"]
[SourceDate "2009.07.21"]

1. e4 c5 2. Nf3 d6 3. d4 cxd4 4. Nxd4 Nf6 5. Nc3 a6 6. Bg5 e6 7. f4 Qb6 8. Qd3
Qxb2 9. Rb1 Qa3 10. f5 Be7 11. Be2 Nc6 12. fxe6 fxe6 13. Nxc6 bxc6 14. O-O Qa5
15. Bxf6 gxf6 16. Bg4 Rg8 17. Bh3 Rg5 18. Ne2 Qc5+ 19. Kh1 a5 20. c4 h5 21. Nd4
e5 22. Ne6 Bxe6 23. Bxe6 Qa7 24. Qf3 h4 25. Qh3 Rb8 26. Qxh4 Bf8 27. Qh8 Rxb1
28. Rxb1 Rg7 29. c5 dxc5 30. Rd1 Qc7 31. Qh5+ Ke7 32. Rd7+ Qxd7 33. Bxd7 Kxd7
34. Qf5+ Ke7 35. Qc8 Kf7 36. Qxc6 Be7 37. Qd5+ Kf8 38. Qa8+ Kf7 39. Qxa5 Rg4
40. Qd2 f5 41. Qd5+ Ke8 42. exf5 Rd4 43. Qg8+ Bf8 44. g4 e4 45. f6 Rd1+ 46. Kg2
Rd2+ 47. Kf1 Rxh2 48. Qe6+ Kd8 49. Qd5+ Kc8 50. Qa8+ 1-0

[Event "Dutch Open 2009"]
[Site "Dieren NED"]
[Date "2009.07.27"]
[Round "6.11"]
[White "Van Delft, Merijn"]
[Black "Bitalzadeh, Ali"]
[Result "1/2-1/2"]
[WhiteElo "2360"]
[BlackElo "2434"]
[PlyCount "69"]
[EventDate "2009.07.21"]
[EventType "swiss"]
[EventRounds "9"]
[EventCountry "NED"]
[Source "lmi"]
[SourceDate "2009.07.21"]

1. e4 c5 2. Nf3 d6 3. d4 cxd4 4. Nxd4 Nf6 5. Nc3 Nc6 6. Bg5 e6 7. Qd2 Be7 8.
O-O-O a6 9. f3 Nxd4 10. Qxd4 b5 11. h4 Bb7 12. Kb1 O-O 13. g4 Qc7 14. Qd2 b4
15. Ne2 d5 16. e5 Ne8 17. Nd4 Bc5 18. Nb3 a5 19. Nxc5 Qxc5 20. h5 a4 21. Qd4
Qxd4 22. Rxd4 f6 23. exf6 b3 24. axb3 axb3 25. cxb3 gxf6 26. Bh6 Rf7 27. Ra4
Nd6 28. Rxa8+ Bxa8 29. Be2 d4 30. Rc1 Bd5 31. b4 Rb7 32. Rc5 Rxb4 33. Rc7 Rb7
34. Rxb7 Bxb7 35. Kc2 1/2-1/2

[Event "Dutch Open 2009"]
[Site "Dieren NED"]
[Date "2009.07.27"]
[Round "6.12"]
[White "Lalith, Babu M.R"]
[Black "Motoc, Alina"]
[Result "1-0"]
[WhiteElo "2472"]
[BlackElo "2315"]
[PlyCount "119"]
[EventDate "2009.07.21"]
[EventType "swiss"]
[EventRounds "9"]
[EventCountry "NED"]
[Source "lmi"]
[SourceDate "2009.07.21"]

1. Nf3 Nf6 2. c4 g6 3. Nc3 Bg7 4. e4 d6 5. d4 O-O 6. Be2 e5 7. O-O Nc6 8. d5
Ne7 9. b4 Nh5 10. Re1 f5 11. Ng5 Nf6 12. Bf3 c6 13. Be3 cxd5 14. cxd5 h6 15.
Ne6 Bxe6 16. dxe6 fxe4 17. Nxe4 Nxe4 18. Bxe4 d5 19. Bc2 e4 20. Rb1 b6 21. Bd4
Qc8 22. Bb3 Qxe6 23. f3 Rf4 24. Be3 Rf7 25. fxe4 Qxe4 26. Bc5 Qxe1+ 27. Qxe1
bxc5 28. bxc5 Bd4+ 29. Kh1 Bxc5 30. Qe6 Kg7 31. Bxd5 Nxd5 32. Qxd5 Raf8 33. Qd3
h5 34. g4 Rf3 35. Qe2 Kh6 36. gxh5 gxh5 37. Rc1 Bb6 38. Rc6+ R3f6 39. Qd2+ Kg6
40. Qg2+ Kh7 41. Qe4+ Kh6 42. h4 Bd8 43. Qe3+ Kh7 44. Rxf6 Bxf6 45. Qxa7+ Kg6
46. Qg1+ Kh6 47. Qe3+ Kg7 48. Qg3+ Kh7 49. Qf3 Kg6 50. a4 Rd8 51. a5 Rd4 52. a6
Rxh4+ 53. Kg2 Bd4 54. Qc6+ Kf5 55. Qd5+ Kg6 56. Qe6+ Kg5 57. Qe7+ Kg4 58. Qd7+
Kg5 59. Qd8+ Bf6 60. Qa5+ 1-0

[Event "Dutch Open 2009"]
[Site "Dieren NED"]
[Date "2009.07.27"]
[Round "6.13"]
[White "Otte, Marijn"]
[Black "Bosch, Jeroen"]
[Result "0-1"]
[WhiteElo "2298"]
[BlackElo "2456"]
[PlyCount "96"]
[EventDate "2009.07.21"]
[EventType "swiss"]
[EventRounds "9"]
[EventCountry "NED"]
[Source "lmi"]
[SourceDate "2009.07.21"]

1. e4 c5 2. Nf3 d6 3. d4 cxd4 4. Nxd4 Nf6 5. Nc3 e5 6. Bb5+ Bd7 7. Bxd7+ Qxd7
8. Nf3 Qc6 9. Qe2 h6 10. Bd2 Nbd7 11. O-O-O a6 12. Kb1 Rc8 13. Bc1 Be7 14. Nh4
g6 15. g3 b5 16. Ng2 Kf8 17. f3 Qb7 18. Nd5 Nxd5 19. Rxd5 Kg7 20. Ne3 Nf6 21.
Rd3 Rc5 22. Rhd1 Rhc8 23. h4 h5 24. Nd5 Nxd5 25. Rxd5 Rxc2 26. Qxc2 Rxc2 27.
Kxc2 Qc8+ 28. Kb1 Qh3 29. Rg1 Qh2 30. Rdd1 Qe2 31. f4 Qxe4+ 32. Ka1 Qc2 33.
fxe5 dxe5 34. Be3 Bf6 35. Rgf1 Qg2 36. Bg5 Bxg5 37. hxg5 e4 38. Rg1 Qe2 39.
Rde1 Qg4 40. a3 a5 41. Rgf1 Qxg3 42. Rxe4 Qxg5 43. Rd4 Qe7 44. a4 b4 45. Rd5
Qc7 46. Kb1 h4 47. Rc1 Qb6 48. Rb5 Qd8 0-1

[Event "Dutch Open 2009"]
[Site "Dieren NED"]
[Date "2009.07.27"]
[Round "6.14"]
[White "Hendriks, Willy"]
[Black "Van Ruitenburg, Joost"]
[Result "1-0"]
[WhiteElo "2444"]
[BlackElo "2302"]
[PlyCount "97"]
[EventDate "2009.07.21"]
[EventType "swiss"]
[EventRounds "9"]
[EventCountry "NED"]
[Source "lmi"]
[SourceDate "2009.07.21"]

1. e4 e5 2. Bc4 Nf6 3. d3 Nc6 4. Nf3 Be7 5. O-O O-O 6. a4 a6 7. Re1 d6 8. c3
Na5 9. Ba2 c5 10. Nbd2 Ne8 11. Nf1 Nc7 12. Ng3 Be6 13. d4 exd4 14. cxd4 Bf6 15.
d5 Bg4 16. h3 Bxf3 17. Qxf3 b5 18. Bf4 Bxb2 19. Rab1 Bf6 20. Nf5 Nb7 21. Qg3
Ne8 22. axb5 axb5 23. Rxb5 Qd7 24. Bc4 g6 25. Rbb1 Be5 26. Bxe5 dxe5 27. Bb5
Qc7 28. Bc6 Ra7 29. Nh6+ Kg7 30. Ng4 f6 31. Bxb7 Rxb7 32. Rxb7 Qxb7 33. Qe3 c4
34. Qc5 Qc7 35. Qxc7+ Nxc7 36. Rc1 Nb5 37. Rxc4 h5 38. Ne3 f5 39. exf5 gxf5 40.
Rc6 Nd4 41. Rc7+ Kf6 42. Nc4 Rd8 43. d6 e4 44. Rc5 Ne6 45. Ra5 Rc8 46. Ne3 Rc5
47. Ra6 Nd4 48. d7+ Ke7 49. d8=Q+ 1-0

[Event "Dutch Open 2009"]
[Site "Dieren NED"]
[Date "2009.07.27"]
[Round "6.15"]
[White "Shyam, Sundar M"]
[Black "Rajesh, V A V."]
[Result "1-0"]
[WhiteElo "2415"]
[BlackElo "2249"]
[PlyCount "63"]
[EventDate "2009.07.21"]
[EventType "swiss"]
[EventRounds "9"]
[EventCountry "NED"]
[Source "lmi"]
[SourceDate "2009.07.21"]

1. e4 c5 2. Nf3 Nc6 3. d4 cxd4 4. Nxd4 Nf6 5. Nc3 e5 6. Ndb5 d6 7. Bg5 a6 8.
Na3 b5 9. Bxf6 gxf6 10. Nd5 f5 11. Bxb5 axb5 12. Nxb5 Ra4 13. Nbc7+ Kd7 14. O-O
Qg5 15. c4 Rg8 16. g3 Ra7 17. Nb5 Rb7 18. a4 fxe4 19. a5 Rxb5 20. cxb5 Nd4 21.
Kh1 Bb7 22. Nb6+ Ke6 23. a6 Qd8 24. Nc4 Ba8 25. Ne3 Qb6 26. Qh5 h6 27. Rfc1 Bg7
28. Qg4+ f5 29. Qg6+ Ke7 30. Ra4 f4 31. Rac4 Bc6 32. Rxc6 1-0

[Event "Dutch Open 2009"]
[Site "Dieren NED"]
[Date "2009.07.27"]
[Round "6.16"]
[White "Klein, David"]
[Black "Pruijssers, Roeland"]
[Result "1/2-1/2"]
[WhiteElo "2236"]
[BlackElo "2401"]
[PlyCount "58"]
[EventDate "2009.07.21"]
[EventType "swiss"]
[EventRounds "9"]
[EventCountry "NED"]
[Source "lmi"]
[SourceDate "2009.07.21"]

1. e4 e5 2. Nf3 Nc6 3. Bb5 a6 4. Ba4 Nf6 5. O-O Be7 6. Re1 b5 7. Bb3 d6 8. c3
O-O 9. h3 Na5 10. Bc2 c5 11. d4 Qc7 12. Nbd2 Bd7 13. Nf1 Nc4 14. Qe2 Nb6 15.
dxe5 dxe5 16. Ne3 Rfe8 17. c4 Bc6 18. Nd2 Qb7 19. Nd5 Bxd5 20. cxd5 Qc7 21. Nf1
Nc4 22. Ng3 g6 23. b3 Nd6 24. f4 Nd7 25. f5 Qd8 26. Qg4 Nf6 27. Qf3 Nd7 28. Qg4
Nf6 29. Qf3 Nd7 1/2-1/2

[Event "Dutch Open 2009"]
[Site "Dieren NED"]
[Date "2009.07.27"]
[Round "6.17"]
[White "Blees, Enrico"]
[Black "Van Eijk, Sander"]
[Result "0-1"]
[WhiteElo "2130"]
[BlackElo "2338"]
[PlyCount "68"]
[EventDate "2009.07.21"]
[EventType "swiss"]
[EventRounds "9"]
[EventCountry "NED"]
[Source "lmi"]
[SourceDate "2009.07.21"]

1. c4 c5 2. g3 g6 3. Bg2 Bg7 4. Nf3 Nc6 5. O-O e5 6. Nc3 Nge7 7. d3 d6 8. Rb1
O-O 9. a3 a5 10. Nd5 Rb8 11. Bd2 b5 12. b4 axb4 13. axb4 Nxd5 14. cxd5 Nxb4 15.
Bxb4 cxb4 16. Qb3 Qa5 17. Nd2 f5 18. Qxb4 Qxb4 19. Rxb4 Bd7 20. Bh3 Kf7 21. e4
Ke7 22. Rfb1 Ra8 23. exf5 gxf5 24. Rxb5 Bxb5 25. Rxb5 Ra7 26. Nc4 f4 27. Na5
Kf6 28. Kg2 Kg5 29. Kf3 fxg3+ 30. Kxg3 Raf7 31. Bg2 e4 32. dxe4 Be5+ 33. f4+
Rxf4 34. Nc6 Rf3# 0-1

[Event "Dutch Open 2009"]
[Site "Dieren NED"]
[Date "2009.07.27"]
[Round "6.18"]
[White "Bezemer, Arno"]
[Black "Ypma, Peter"]
[Result "1-0"]
[WhiteElo "2332"]
[BlackElo "2012"]
[PlyCount "75"]
[EventDate "2009.07.21"]
[EventType "swiss"]
[EventRounds "9"]
[EventCountry "NED"]
[Source "lmi"]
[SourceDate "2009.07.21"]

1. d4 d5 2. c4 c6 3. Nf3 Nf6 4. Nc3 dxc4 5. a4 Bf5 6. e3 e6 7. Bxc4 Bb4 8. O-O
O-O 9. Qe2 Ne4 10. Bd3 Bxc3 11. bxc3 Nxc3 12. Qc2 Bxd3 13. Qxd3 Nd5 14. Rb1 Nd7
15. Ba3 Re8 16. Rxb7 N5b6 17. a5 Qc8 18. a6 c5 19. Ng5 g6 20. dxc5 Nxc5 21.
Bxc5 Qxc5 22. Nxf7 Reb8 23. Nh6+ Kh8 24. Qe4 Qd5 25. Rxb8+ Rxb8 26. Qf4 Nd7 27.
h3 e5 28. Qg4 Nf6 29. Qh4 Rf8 30. Rc1 Qd6 31. Rc8 Kg7 32. Rxf8 Kxf8 33. Qc4 Kg7
34. Nf7 Qe7 35. Ng5 Nd7 36. Ne6+ Kf6 37. Nc7 Qd6 38. Ne8+ 1-0

[Event "Dutch Open 2009"]
[Site "Dieren NED"]
[Date "2009.07.27"]
[Round "6.19"]
[White "Kuipers, Stefan"]
[Black "Mostertman, Milan"]
[Result "1-0"]
[WhiteElo "2324"]
[BlackElo "2119"]
[PlyCount "97"]
[EventDate "2009.07.21"]
[EventType "swiss"]
[EventRounds "9"]
[EventCountry "NED"]
[Source "lmi"]
[SourceDate "2009.07.21"]

1. e4 d5 2. exd5 Qxd5 3. Nf3 Nf6 4. d4 c6 5. c4 Qd8 6. Nc3 g6 7. Bf4 Bg7 8. Be2
O-O 9. O-O Bf5 10. Qb3 Qb6 11. Qa3 Re8 12. Rfd1 Qa6 13. Qxa6 Nxa6 14. a3 Rac8
15. b4 Nh5 16. Be3 Nc7 17. h3 Nf6 18. g4 Be6 19. a4 h5 20. Ng5 Bd7 21. Nge4
hxg4 22. Nxf6+ exf6 23. hxg4 f5 24. gxf5 Bxf5 25. Rac1 Rcd8 26. Bf3 Na6 27. Na2
Be4 28. Bxe4 Rxe4 29. b5 Nc7 30. bxc6 bxc6 31. Nb4 Rd6 32. d5 cxd5 33. Bxa7 Rf6
34. Bb8 Bh6 35. Rc2 Bf4 36. Bxc7 Bxc7 37. Rxd5 Rb6 38. Rb5 Rd6 39. a5 Rd1+ 40.
Kg2 Rg4+ 41. Kf3 Rdd4 42. Nd5 Rxc4 43. Ra2 Rh4 44. a6 Rh3+ 45. Ke2 Re4+ 46. Kf1
Rh1+ 47. Kg2 Rh2+ 48. Kf3 Reh4 49. Nxc7 1-0

[Event "Dutch Open 2009"]
[Site "Dieren NED"]
[Date "2009.07.27"]
[Round "6.20"]
[White "Kiran, Manisha Mohanty"]
[Black "Karthikeyan, P."]
[Result "0-1"]
[WhiteElo "2203"]
[BlackElo "2478"]
[PlyCount "68"]
[EventDate "2009.07.21"]
[EventType "swiss"]
[EventRounds "9"]
[EventCountry "NED"]
[Source "lmi"]
[SourceDate "2009.07.21"]

1. e4 e5 2. Nf3 Nc6 3. Bc4 Nf6 4. d3 h6 5. O-O d6 6. c3 g6 7. d4 Qe7 8. Re1 Bg7
9. Nbd2 O-O 10. Nf1 Bg4 11. d5 Nd8 12. h3 Bd7 13. Bd3 Nh7 14. N3h2 f5 15. f3 f4
16. Qe2 h5 17. Qf2 Bf6 18. Rd1 Nf7 19. Kh1 Bh4 20. Qe2 g5 21. c4 Nh6 22. b4 Kh8
23. c5 g4 24. hxg4 hxg4 25. g3 gxf3 26. Nxf3 Bxg3 27. Nxg3 fxg3 28. Bxh6 Rxf3
29. Qxf3 Qh4+ 30. Kg1 Qh2+ 31. Kf1 g2+ 32. Qxg2 Bh3 33. Bg7+ Kg8 34. Rd2 Qh1+
0-1

[Event "Dutch Open 2009"]
[Site "Dieren NED"]
[Date "2009.07.27"]
[Round "6.21"]
[White "Mellema, Andries"]
[Black "Van Assendelft, Floris"]
[Result "0-1"]
[WhiteElo "2110"]
[BlackElo "2332"]
[PlyCount "86"]
[EventDate "2009.07.21"]
[EventType "swiss"]
[EventRounds "9"]
[EventCountry "NED"]
[Source "lmi"]
[SourceDate "2009.07.21"]

1. e4 c5 2. Nf3 d6 3. d4 cxd4 4. Nxd4 Nf6 5. Nc3 a6 6. Be3 Ng4 7. Bg5 h6 8. Bh4
g5 9. Bg3 Bg7 10. h3 Nf6 11. Qf3 Qb6 12. O-O-O Nc6 13. Nxc6 Qxc6 14. Be2 Nd7
15. Nd5 Ne5 16. Qc3 Qxc3 17. Nxc3 Be6 18. Nd5 Rc8 19. f3 Bxd5 20. exd5 Nc4 21.
Bxc4 Rxc4 22. h4 Kd7 23. hxg5 hxg5 24. Rxh8 Bxh8 25. Bf2 Be5 26. Rd3 g4 27. c3
Rc8 28. Kd2 Rh8 29. Ke3 gxf3 30. gxf3 Rh1 31. Rd2 a5 32. Ke2 Rb1 33. Kd3 a4 34.
a3 b5 35. Kc2 Rf1 36. Kd3 Bg3 37. Ke3 Rxf2 38. Rxf2 Bxf2+ 39. Kxf2 e5 40. dxe6+
Kxe6 41. Ke2 Kf5 42. Ke3 Ke5 43. Kd3 Kf4 0-1

[Event "Dutch Open 2009"]
[Site "Dieren NED"]
[Date "2009.07.27"]
[Round "6.22"]
[White "Soumya, Swaminathan"]
[Black "Haast, Anne"]
[Result "0-1"]
[WhiteElo "2309"]
[BlackElo "2158"]
[PlyCount "44"]
[EventDate "2009.07.21"]
[EventType "swiss"]
[EventRounds "9"]
[EventCountry "NED"]
[Source "lmi"]
[SourceDate "2009.07.21"]

1. e4 e5 2. Nf3 Nc6 3. Bb5 a6 4. Ba4 Nf6 5. d3 b5 6. Bb3 Be7 7. a4 Bb7 8. Nc3
b4 9. Nd5 Na5 10. c3 Nxb3 11. Nxf6+ gxf6 12. Qxb3 d5 13. exd5 Bxd5 14. Qd1 Qd7
15. Be3 O-O-O 16. O-O Rhg8 17. g3 Bb7 18. Ne1 Qh3 19. Rc1 b3 20. Qxb3 f5 21.
Rc2 f4 22. Ba7 Bh4 0-1

[Event "Dutch Open 2009"]
[Site "Dieren NED"]
[Date "2009.07.27"]
[Round "6.23"]
[White "Overeem, Marc"]
[Black "Van Rosmalen, Joost"]
[Result "0-1"]
[WhiteElo "2303"]
[BlackElo "2206"]
[PlyCount "118"]
[EventDate "2009.07.21"]
[EventType "swiss"]
[EventRounds "9"]
[EventCountry "NED"]
[Source "lmi"]
[SourceDate "2009.07.21"]

1. Nf3 d5 2. d4 Nf6 3. c4 c6 4. e3 e6 5. b3 Nbd7 6. Bb2 Bd6 7. Bd3 Qe7 8. Ne5
O-O 9. O-O c5 10. Nd2 Re8 11. Nxd7 Nxd7 12. dxc5 Nxc5 13. Bc2 dxc4 14. Nxc4 Bc7
15. f4 b5 16. Ne5 Bb7 17. b4 Ne4 18. Bxe4 Bxe4 19. Qd4 f5 20. Rac1 Bb6 21. Qc3
Bb7 22. a3 Rac8 23. Qd2 Red8 24. Rxc8 Rxc8 25. Bd4 Qd6 26. Rd1 Bxd4 27. Qxd4
Qxd4 28. Rxd4 Rc1+ 29. Kf2 Rc2+ 30. Ke1 Bd5 31. g4 g6 32. Rd2 Rc3 33. Kf2 fxg4
34. e4 Bxe4 35. Rd8+ Kg7 36. Rd7+ Kg8 37. Rxa7 h5 38. Ra5 Bf5 39. Rxb5 Rxa3 40.
Rb8+ Kg7 41. Rb7+ Kf8 42. Rb8+ Ke7 43. Rb7+ Kd8 44. Nf7+ Ke8 45. Nd6+ Kf8 46.
b5 Rd3 47. Rf7+ Kg8 48. Rd7 Rb3 49. Rd8+ Kg7 50. Rb8 h4 51. b6 Rb2+ 52. Kg1 g3
53. hxg3 hxg3 54. Nxf5+ exf5 55. b7 g5 56. fxg5 f4 57. Rc8 Rxb7 58. Kg2 Rb2+
59. Kf3 Rf2+ 0-1

[Event "Dutch Open 2009"]
[Site "Dieren NED"]
[Date "2009.07.27"]
[Round "6.24"]
[White "De Ruiter, Danny"]
[Black "Van der Poel, Henk"]
[Result "1/2-1/2"]
[WhiteElo "2003"]
[BlackElo "2282"]
[PlyCount "67"]
[EventDate "2009.07.21"]
[EventType "swiss"]
[EventRounds "9"]
[EventCountry "NED"]
[Source "lmi"]
[SourceDate "2009.07.21"]

1. d4 Nf6 2. c4 e6 3. Nf3 b6 4. g3 Bb7 5. Bg2 c6 6. O-O d5 7. Nbd2 Be7 8. b3
O-O 9. Bb2 Nbd7 10. Qc2 Rc8 11. e4 c5 12. e5 Ne8 13. cxd5 Bxd5 14. Rac1 Nc7 15.
Qd3 cxd4 16. Bxd4 Nc5 17. Qe2 Qd7 18. Rfd1 Nb5 19. Bb2 Rfd8 20. Bf1 Nc7 21. Nd4
Ne8 22. Qg4 Qb7 23. Nc4 Nd7 24. Qf4 Nf8 25. Nb5 Ng6 26. Qe3 Bc5 27. Bd4 Bf3 28.
Rd2 Bb4 29. Bc3 Bxc3 30. Rxc3 Bd5 31. Nbd6 Nxd6 32. Nxd6 Rxc3 33. Qxc3 Qe7 34.
f4 1/2-1/2

[Event "Dutch Open 2009"]
[Site "Dieren NED"]
[Date "2009.07.27"]
[Round "6.25"]
[White "Wempe, Joost"]
[Black "Kabanof, Nikolai"]
[Result "1/2-1/2"]
[WhiteElo "2282"]
[BlackElo "2137"]
[PlyCount "131"]
[EventDate "2009.07.21"]
[EventType "swiss"]
[EventRounds "9"]
[EventCountry "NED"]
[Source "lmi"]
[SourceDate "2009.07.21"]

1. d4 g6 2. c4 Bg7 3. e4 d6 4. Nf3 Nc6 5. Be3 Nf6 6. Nc3 Ng4 7. Bg5 h6 8. Bh4
O-O 9. Be2 Nf6 10. d5 Nb8 11. Nd2 c6 12. Rc1 a5 13. O-O Na6 14. Kh1 Nc5 15. f3
g5 16. Bf2 Ncd7 17. Be3 Ne5 18. f4 Neg4 19. Bxg4 Nxg4 20. Bg1 gxf4 21. Rxf4 Ne5
22. Qe2 Ng6 23. Rff1 Bd7 24. Nf3 c5 25. Be3 a4 26. Qd2 Kh7 27. Ne2 Qa5 28. Qc2
Qb4 29. Rb1 b5 30. b3 axb3 31. axb3 bxc4 32. bxc4 Qa4 33. Qd3 f5 34. exf5 Bxf5
35. Ng5+ hxg5 36. Rxf5 Qa3 37. Qxa3 Rxa3 38. Rxf8 Rxe3 39. Rf2 Ne5 40. Ng3 Nxc4
41. Rb7 Kg6 42. Re2 Bf6 43. Rxe3 Nxe3 44. Ne4 Nxd5 45. Kg1 Bd4+ 46. Kf1 c4 47.
Ke2 Kf5 48. Nd2 c3 49. Rb5 e6 50. Nf3 Bc5 51. Kd3 e5 52. Ne1 g4 53. Kc4 Ke6 54.
Nd3 Ne3+ 55. Kxc3 Bd4+ 56. Kd2 Nxg2 57. Rb8 Nh4 58. Ne1 e4 59. Rg8 Kf5 60. Nc2
Nf3+ 61. Ke2 d5 62. Nxd4+ Nxd4+ 63. Ke3 Ne6 64. Ra8 d4+ 65. Kf2 e3+ 66. Ke2
1/2-1/2

[Event "Dutch Open 2009"]
[Site "Dieren NED"]
[Date "2009.07.27"]
[Round "6.30"]
[White "Van Leent, Dimitri"]
[Black "Den Heeten, Djurre"]
[Result "1-0"]
[WhiteElo "2192"]
[BlackElo "2321"]
[PlyCount "63"]
[EventDate "2009.07.21"]
[EventType "swiss"]
[EventRounds "9"]
[EventCountry "NED"]
[Source "lmi"]
[SourceDate "2009.07.21"]

1. e4 c6 2. d4 Na6 3. c4 g6 4. Nc3 Bg7 5. Nf3 Nc7 6. d5 d6 7. Be3 Nf6 8. Qd2 h5
9. h3 c5 10. e5 Nd7 11. e6 fxe6 12. Bd3 O-O 13. Bxg6 Rxf3 14. gxf3 Ne5 15. Bxh5
exd5 16. Rg1 Kh7 17. Qc2+ Kh8 18. cxd5 Qf8 19. f4 Bf5 20. Ne4 Nxd5 21. fxe5 Nb4
22. Qb1 d5 23. Bg6 dxe4 24. Qd1 Nd3+ 25. Kd2 Bxg6 26. Rxg6 Nf4 27. Kc2 Rd8 28.
Qg4 Nxg6 29. Qxg6 Qf3 30. Rg1 Rg8 31. a3 c4 32. Qg5 1-0

[Event "Dutch Open 2009"]
[Site "Dieren NED"]
[Date "2009.07.27"]
[Round "6.32"]
[White "Timmermans, Mark"]
[Black "Padmini, Rout"]
[Result "0-1"]
[WhiteElo "2125"]
[BlackElo "2243"]
[PlyCount "62"]
[EventDate "2009.07.21"]
[EventType "swiss"]
[EventRounds "9"]
[EventCountry "NED"]
[Source "lmi"]
[SourceDate "2009.07.21"]

1. e4 c5 2. Nf3 d6 3. d4 cxd4 4. Nxd4 Nf6 5. Nc3 a6 6. Be3 e5 7. Nb3 Be7 8. f3
Be6 9. Qd2 O-O 10. O-O-O a5 11. Bb5 Na6 12. g4 Nc7 13. Bb6 Qb8 14. a4 Nxb5 15.
Nxb5 Rc8 16. Kb1 d5 17. Qf2 d4 18. Qg3 Nd7 19. Bc7 Rxc7 20. Nxc7 Qxc7 21. Nxd4
Rc8 22. Nxe6 Qxc2+ 23. Ka1 Qxa4+ 24. Kb1 Qc2+ 25. Ka1 Qa4+ 26. Kb1 Qc2+ 27. Ka1
fxe6 28. Rc1 Qxc1+ 29. Rxc1 Rxc1+ 30. Ka2 a4 31. h3 Nc5 0-1